| 000 | 00436 a2200145 4500 | ||
|---|---|---|---|
| 005 | 20250606061544.0 | ||
| 020 | _a978-1-292-39749-8 | ||
| 082 | _a658.8 PRO | ||
| 245 | _aProcurement Principles and Management: In Digital Age. | ||
| 250 | _a12th Ed. | ||
| 260 |
_aUnited Kingdom, _bPeardon, _c2022. |
||
| 300 |
_axvii,563p.; ill.; table.; _bIndexes.; _c24cm. |
||
| 700 | _aBAILY, P & FARME, D. & CROCKER, B. & JESSOP, D. | ||
| 942 |
_2ddc _cBKS |
||
| 999 |
_c3261 _d3261 |
||